000 01164nam a22001697a 4500
008 100725t xxu||||| |||| 00| 0 ara d
082 _222
_bع ر ب
_a323.4
245 _aالعرب ونشاط الأمم المتحدة فى مجال حقوق الإنسان /
_bدراسة توثيقية عن دور الدول العربية والخبراء العرب والمنظمات غير الحكومية العربية فى نشاط الأمم المتحدة فى حقل حقوق الإنسان خلال أربعين عاما /
_cتأليف باسيل يوسف
260 _aالقاهرة :
_bمركز اتحاد المحامين العرب ،[199?]
_c[199?]
300 _a374 ص ؛
_c24 سم.
541 _aألف باء ؛
_cشراء ؛
650 0 _98073
_aحقوق الإنسان
700 1 _916772
_aيوسف، باسيل
_eمعد
710 _916774
_aمركز اتحاد المحامين العرب للبحوث والدراسات القانونية
_cالقاهرة
942 _2ddc
_cBB
999 _c14541
_d14541